000 00234nam a22001097a 4500
082 _a621.3192PAN
100 _a Anthony
245 _aElectrical Distributations Engineering
260 _aLondon
_c1983
300 _a435
942 _cBK
999 _c13762
_d13762